| 000 | 01769cam a22004094a 4500 | ||
|---|---|---|---|
| 001 | 14201677 | ||
| 005 | 20070419101113.0 | ||
| 008 | 051216s2006 nyua d 001 0 eng | ||
| 010 | _a2005058417 | ||
| 016 | 7 |
_a101264037 _2DNLM |
|
| 020 | _a0071461043 (alk. paper) | ||
| 020 | _a9780071461047 | ||
| 035 | _a(OCoLC)ocm62368542 | ||
| 040 |
_aDLC _cDLC _dYDX _dNLM _dGZD _dBAKER _dDPL _dVP@ _dQBX _dDLC |
||
| 042 | _apcc | ||
| 050 | 0 | 0 |
_aR123 _b.L363 2006 |
| 060 | 0 | 0 | _a2006 A-675 |
| 060 | 1 | 0 |
_aW 15 _bL427m 2006 |
| 082 | 0 | 0 |
_a610.14 _222 _bLAY |
| 100 | 1 |
_aLayman, Dale Pierre. _923962 |
|
| 245 | 1 | 0 |
_aMedical Terminology Demystified / _cDale Pierre Layman. |
| 260 |
_aNew York : _bMcGraw-Hill, 2006 _cc2006. |
||
| 300 |
_axxi, 432 p. : _bill. ; _c24 cm. |
||
| 490 | 1 |
_aDemystified series _923963 |
|
| 500 | _aIncludes index. | ||
| 541 | _aDr. Shahrazad ; | ||
| 650 | 0 |
_aMedicine _vTerminology. _923964 |
|
| 650 | 1 | 2 |
_aMedicine _vTerminology _xEnglish. _923965 |
| 653 |
_bNUR _cMay2011 |
||
| 830 | 0 |
_aMcGraw-Hill "demystified" series. _923966 |
|
| 856 | 4 | 2 |
_3Contributor biographical information _uhttp://www.loc.gov/catdir/enhancements/fy0661/2005058417-b.html |
| 856 | 4 | 2 |
_3Publisher description _uhttp://www.loc.gov/catdir/enhancements/fy0661/2005058417-d.html |
| 856 | 4 | 1 |
_3Table of contents only _uhttp://www.loc.gov/catdir/enhancements/fy0661/2005058417-t.html |
| 942 |
_2ddc _cNRB |
||
| 999 |
_c15339 _d15339 |
||